ARRUPE JESUIT UNIVERSITY

CORONAVIRUS -STOP THE SPREAD - CLEAN,DISINFECT,COVER

The gift relationship; (Record no. 122361)

MARC details
000 -LEADER
fixed length control field 00818pam a2200265 4500
001 - CONTROL NUMBER
control field 2186482
003 - CONTROL NUMBER IDENTIFIER
control field ARRUPE
005 - DATE AND TIME OF LATEST TRANSACTION
control field 20150310111841.0
008 - FIXED-LENGTH DATA ELEMENTS--GENERAL INFORMATION
fixed length control field 720526t19721971nyu b 000 0 eng
010 ## - LIBRARY OF CONGRESS CONTROL NUMBER
LC control number 72000691
022 ## - INTERNATIONAL STANDARD SERIAL NUMBER
International Standard Serial Number 0140216960
040 ## - CATALOGING SOURCE
Original cataloging agency DLC
Transcribing agency DLC
Modifying agency DLC
050 10 - LIBRARY OF CONGRESS CALL NUMBER
Classification number RM171
Item number .T57 1973
082 00 - DEWEY DECIMAL CLASSIFICATION NUMBER
Classification number 362.1
300 ## - PHYSICAL DESCRIPTION
Dimensions 19 cm.
100 1# - MAIN ENTRY--PERSONAL NAME
Personal name Titmuss, Richard Morris,
Dates associated with a name 1907-1973.
9 (RLIN) 16066
245 14 - TITLE STATEMENT
Title The gift relationship;
Remainder of title from human blood to social policy
Statement of responsibility, etc [by] Richard M. Titmuss.
260 ## - PUBLICATION, DISTRIBUTION, ETC. (IMPRINT)
Place of publication, distribution, etc Middlesex,
Name of publisher, distributor, etc Penguin Books
Date of publication, distribution, etc 1973,
300 ## - PHYSICAL DESCRIPTION
Extent 365p.;
350 ## - PRICE (NR) (BK AM CF MU VM SE) [OBSOLETE]
Price $2.45
504 ## - BIBLIOGRAPHY, ETC. NOTE
Bibliography, etc Includes bibliographical references.
650 #0 - SUBJECT ADDED ENTRY--TOPICAL TERM
Topical term or geographic name as entry element Blood
General subdivision Transfusion
-- Social aspects.
9 (RLIN) 16067
650 #0 - SUBJECT ADDED ENTRY--TOPICAL TERM
Topical term or geographic name as entry element Blood donors.
9 (RLIN) 16068
906 ## - LOCAL DATA ELEMENT F, LDF (RLIN)
a 7
b cbc
c orignew
d 1
e ocip
f 19
g y-gencatlg
942 ## - ADDED ENTRY ELEMENTS (KOHA)
Source of classification or shelving scheme Library of Congress Classification
Koha item type Monograph ( Printed materials)
Holdings
Withdrawn status Lost status Source of classification or shelving scheme Damaged status Not for loan Collection code Home library Current library Shelving location Date acquired Total Checkouts Full call number Barcode Date last seen Price effective from Koha item type
    Library of Congress Classification     Main Collection ARRUPE LIBRARY ARRUPE LIBRARY Main Collection 10/03/2015   RM171.T57 1973 46500000947 10/09/2019 10/03/2015 Monograph ( Printed materials)

 

Arrupe Library. PO Box MP320 Mt Pleasant, Harare, Zimbabwe
263 242 745411|librarian@aju.ac.zw